000 00354nam a2200145Ia 4500
005 20250324131645.0
008 240331s9999 xx 000 0 und d
082 _bRAT
_a894
100 _aRatnavelon, A
245 0 _aNenchankkooddu ninaivukal
260 _aColombo
_bMeera Pathippagam
_c2006
300 _a102 p .,
650 _aShort Stories
942 _cL
999 _c3762
_d3762